LEADER 01552nam a2200301 u 4500 001 000000048198 003 CaOOAMICUS 005 20070226114955.0 008 000411s1998 it u000 u ita u 020 $a8814073155 035 $a10845475 040 $aPUL$bita 100 1 $aItalia, Vittorio.$0(OLS)http://pul/name/10090 245 13$aLe organizzazioni di volontariato :$bstruttura, statuti, convenzioni, agevolazioni fiscali e aspetti tributari : problemi e casi pratici /$cVittorio Italia [e] Alberto Zucchetti. 250 $a2. ed. aggiornata con il D.LGS. 460/1997 sulle Onlus. 260 $aMilano :$bGiuffrè,$c1998. 300 $axx, 454 p. ;$c23 cm 490 1 $aTeoria e pratica del diritto$aSezione IV, Diritto amministrativo ;$v33 650 4$aVolontariato$xDiritto e legislazione$zItalia.$0(OLS)http://pul/subject/8183 700 1 $aZucchetti, Alberto.$0(OLS)http://pul/name/34987 830 0$aTeoria e pratica del diritto$nSezione IV,$pDiritto amministrativo ;$v33.$0(OLS)http://pul/title/64897 850 $aPUL 852 $aPUL$W1$xSL Diritto e Scienze Sociali 1$y4$m175 L 28$j64279$nBK-PRI$b $qStampati$B64279$CPULBib$Z2$F64279 $H $81 941 1 $a8 961 $aINV: 81344 996 $6020$a8814073155$9(OLS)http://pul/number/60525 996 $6245$aLe organizzazioni di volontariato :$bstruttura, statuti, convenzioni, agevolazioni fiscali e aspetti tributari : problemi e casi pratici$9(OLS)http://pul/title/64896 996 $6260$aMilano :$bGiuffrè$9(OLS)http://pul/publisher/48401 LEADER 01186naa a2200265 a 4500 001 000000124644 003 CaOOAMICUS 005 20110310111159.0 008 110310s2010 gw a u000 u ger r 020 $a978-3-451-30400-2 (v. 1-14) 040 $aPUL$bita 082 04$a270 245 04$aDas Zeitalter der Vernunft (1620/30-1750) /$chrsg. von Marc Venard ; deutsche Ausgabe bearb.von: Albert Boesten-Stengel. 250 $aSonderausgabe. 260 $aFreiburg im Breisgau :$bHerder & Co.,$c2010. 300 $aXVI, 1183 p. :$bill. ;$c24 cm. 650 4$aChiesa$xStoria$xStudi.$0(OLS)http://pul/subject/28557 700 1 $aVénard, Marc,$d1929-$0(OLS)http://pul/name/35337 700 1 $aBoesten-Stengel, Albert.$0(OLS)http://pul/name/78717 774 0 $tGeschichte des Christentums.$bSonderausgabe.$dFreiburg im Breisgau : Herder & Co., 2010.$w()124629 996 $6020$a978-3-451-30400-2 (v. 1-14)$9(OLS)http://pul/number/146636 996 $6082$a270$9(OLS)http://pul/classification/472 996 $6245$aDas Zeitalter der Vernunft (1620/30-1750)$9(OLS)http://pul/title/157119 996 $6260$aFreiburg im Breisgau :$bHerder & Co.$9(OLS)http://pul/publisher/51627